000 00283nam a22001337a 4500
008 181126b xxu||||| |||| 00| 0 eng d
020 _a9780669011005
041 _aeng
080 _a510
100 _a37
101 _aMAT
245 _aMath In Focus
_cFong.H.K
942 _2udc
_cBK
999 _c52494
_d52494